• 首页
  • 本馆介绍
  • 公告通知
  • 最新文献
  • 馆藏检索
  • 电子资源
  • 读者导购
  • 参考咨询
  • 我的图书馆
  • 登录
  • 详细信息显示
  • 放入我的书架
  • 预约/预借图书
  • 作者相关作品
  • 分类相关作品
  • 丛书相关作品
  • 出版社相关作品

书目信息

  • 表格格式
  • 工作单格式
  • 卡片格式
书名: Taking sides
作者: Daniel K. Judd.
分册号:
分册名: Clashing views on controversial issues in religion /
出版地: Guilford, Conn. :
 
出版社: McGraw-Hill/Dushkin
出版时间: c2003-.
页数: v. ;
开本: 24 cm.
丛书名: Taking sides
中图分类号:
科图分类号:
其他分类号: G358
主题词:
电子资源:
000 01452cas a2200409 a 450
001 E0751258329
005 20070313142422.20
008 020919c20039999ctugr1 0 a0eng c
010    @a2002215104
012    @a-3-7-0504130614-p----- 11
022 0  @a1541-8448.
035    @a(OCoLC)ocm50633134
037    @bMcGraw-Hill/Dushkin, 530 Old Whitfield St., Guilford, CT 06437
040    @aNSDP@cNSDP@dInU@dDLC
042    @alccopycat@ansdp
043    @an-us---
050 00 @aBL1@b.T35
082 10 @a200@2 13
090    @aG358
099    @dG358@ex9=5
222  0 @aTaking sides. Clashing views on controversial issues in religion
245 00 @aTaking sides.@pClashing views on controversial issues in religion / @cDaniel K. Judd.
246 30 @aClashing views on controversial issues in religion
260    @aGuilford, Conn. :@bMcGraw-Hill/Dushkin,@cc2003-.
300    @av. ;@c24 cm.
310    @aBiennial
362 0  @a1st ed.-
440  0 @aTaking sides
650  0 @aReligion@vPeriodicals.
700 1  @aJudd, Daniel K.
850    @aDLC
852    @xuniversal pattern
853 20 @8 1@a+ed.@wg
863 41 @8 1.1@a1
906    @a7@bcbc@cserials@d2@encip@f20@gn-oclcserc
925 0  @aAcquire@b2 shelf copies@xpolicy default
955    @cdf44 2002-09-19@jdf44 2002-09-19@aejm, 2004-03-08 to SERCAT@adb00 2004-04-02 SERCAT 2 CONSER copy@adf00 2004-04-05@idf43 2005-01-18 to Cat. Tech.@adf37 2005-04-07 to BCCD
    
    Taking sides.. Clashing views on controversial issues in religion / / Daniel K. Judd.-Guilford, Conn. : : McGraw-Hill/Dushkin, , c2003-.
    v. ; ; 24 cm.- (Taking sides )
    
    
    ISBN
    
●
相关链接 在E读中查询图书 在五车中查询图书 在当当中查询图书 在豆瓣中查询图书


正题名:Taking sides     索取号:G358/x9=5         预约/预借

序号 登录号 条形码 馆藏地/架位号 状态 备注
1 0001735   300017354   第二样本阅览室/ [索取号:G358/x9=5] 在馆    
2 0001736   300017363   第四借阅区/ [索取号:G358/x9=5] 在馆    
唐山师范学院图书馆 欢迎您!
大连网信软件有限公司© 版权所有